Poemas
Đã lưu trong:
| Tác giả chính: | |
|---|---|
| Định dạng: | Sách |
| Ngôn ngữ: | Tiếng Tây Ban Nha |
| Được phát hành: |
Madrid
Visor Libros
1996
|
| Phiên bản: | 2a. ed |
| Loạt: | Colección Visor de Poesía, 119
|
| Những chủ đề: | |
| Các nhãn: |
Thêm thẻ
Không có thẻ, Là người đầu tiên thẻ bản ghi này!
|
MARC
| LEADER | 00000cam a2200000 a 4500 | ||
|---|---|---|---|
| 001 | UCG8453 | ||
| 003 | CL-VaPUC | ||
| 008 | 111212e19960000SP |||||||||||||||||spa|d | ||
| 020 | |a 847522119X | ||
| 082 | 0 | 4 | |a 841 |b GEN |2 21 |
| 100 | 0 | |a Genet, Jean |e author |9 266791 | |
| 245 | 1 | 0 | |a Poemas |
| 250 | |a 2a. ed | ||
| 300 | |a 95 p | ||
| 942 | |c BK | ||
| 945 | |d 20111212 00:00:00 |a dcastane | ||
| 260 | |a Madrid |b Visor Libros |c 1996 | ||
| 650 | 0 | |a Poesías francesas |9 265467 | |
| 650 | 0 | |a Literatura francesa |9 266330 | |
| 583 | |a last modification |c 20111212 13:13:00 |k Rodrigo Vera | ||
| 490 | 0 | |a Colección Visor de Poesía, 119 | |
| 999 | |c 346063 |d 346061 | ||
| 952 | |0 0 |1 0 |4 0 |6 841_000000000000000_GEN_1996 |7 0 |8 A |9 446547 |a BIBART |b BIBART |d 2019-11-22 |i 4812034 |l 1 |o 841 GEN 1996 |p 4812034 |r 2025-03-13 |s 2024-11-25 |w 2019-11-22 |y BK |k ART | ||